| 000 | 00554nam a22001697a 4500 | ||
|---|---|---|---|
| 003 | OSt | ||
| 005 | 20171010095535.0 | ||
| 008 | 121015t xxu||||| |||| 00| 0 eng d | ||
| 040 |
_aMMSU _cULS |
||
| 100 |
_aBiag, Erickson B. _913581 |
||
| 245 |
_aOn the Job Training (OJT) Terminal Report _c Erickson B. Biag |
||
| 260 | _c2008 | ||
| 300 |
_axv, [161] leaves _c28 cm. |
||
| 500 | _aThesis (BS Mechanical Engineering) -- Mariano Marcos State University-College of Engineering, Batac City | ||
| 504 | _aBibliography: [69] leaf | ||
| 942 |
_2ddc _cTHEDIS |
||
| 999 |
_c9838 _d9838 |
||